[Event "Lenk op 21st"]
[Site "Lenk"]
[Date "2009.04.12"]
[Round "6"]
[White "Duratti, Lindo"]
[Black "Springer, Patrick"]
[Result "1-0"]
[WhiteElo "2210"]
[BlackElo "2085"]
[PlyCount "115"]
[EventDate "2009.04.09"]
[EventType "swiss"]
[EventRounds "7"]
[EventCountry "SUI"]
[SourceTitle "CBM 130 Extra"]
[Source "ChessBase"]
[SourceDate "2009.07.02"]
[SourceVersion "2"]
[SourceVersionDate "2009.07.15"]
[SourceQuality "1"]

1. Nf3 Nf6 2. g3 c5 3. Bg2 Nc6 4. d4 cxd4 5. Nxd4 g6 6. 0-0 Bg7 7. c3 0-0 8. e4 d5 9. exd5 Nxd5 10. Nb3 Nf6 11. Qe2 Re8 12. Na3 Bg4 13. Qb5 Qc7 14. Nc5 Na5 15. Nxb7 Nxb7 16. Qxb7 Qxb7 17. Bxb7 Rab8 18. Bg2 Red8 19. Nc2 Rd7 20. Ne3 Be6 21. Rd1 h5 22. h4 Rb6 23. Rxd7 Nxd7 24. Nd5 Bxd5 25. Bxd5 Rd6 26. Bb3 Nc5 27. Be3 Nd3 28. Rb1 a6 29. Bc2 Ne5 30. Rd1 Rc6 31. Rd8+ Kh7 32. Be4 Rd6 33. Rxd6 exd6 34. Kf1 Nc4 35. Bc1 a5 36. Ke2 Bf6 37. Bd5 Ne5 38. f4 Ng4 39. Bxf7 Kg7 40. Be6 Nh6 41. b4 Bd8 42. Be3 Kf6 43. Bh3 Bc7 44. Kd3 Nf5 45. Bf2 d5 46. a4 Nd6 47. Bg2 Ke6 48. Ba7 Nc4 49. Kd4 Nb6 50. bxa5 Nxa4 51. Bxd5+ Kd6 52. Bf7 Bxa5 53. Bxg6 Nxc3 54. Bc5+ Ke6 55. Bxh5 Nb5+ 56. Ke4 Nc7 57. f5+ Kf6 58. Bd4+ 1-0

[Event "Zuerich op-A 32nd"]
[Site "Zuerich"]
[Date "2008.12.30"]
[Round "7"]
[White "Schiendorfer, Emanuel"]
[Black "Springer, Patrick"]
[Result "1-0"]
[WhiteElo "2240"]
[BlackElo "2069"]
[PlyCount "89"]
[EventDate "2008.12.26"]
[EventType "swiss"]
[EventRounds "7"]
[EventCountry "SUI"]
[SourceTitle "CBM 127 Extra"]
[Source "ChessBase"]
[SourceDate "2009.01.08"]
[SourceVersion "2"]
[SourceVersionDate "2009.01.28"]
[SourceQuality "1"]

1. d4 Nf6 2. c4 e5 3. dxe5 Ne4 4. Nf3 Bb4+ 5. Nbd2 Nc6 6. a3 Nxd2 7. axb4 Nxf3+ 8. exf3 Nxe5 9. Be2 0-0 10. 0-0 d6 11. f4 Ng6 12. Qd4 a6 13. Bd2 Ne7 14. Bd3 c5 15. Qc3 cxb4 16. Qxb4 d5 17. cxd5 Nxd5 18. Qe4 Nf6 19. Qf3 Bg4 20. Qg3 Be2 21. Bxe2 Qxd2 22. Qe3 Qxe3 23. fxe3 Rfe8 24. Ra3 Rad8 25. Rd1 Rxd1+ 26. Bxd1 Ne4 27. Rd3 g6 28. Kf1 Re7 29. g4 h6 30. Ke2 Kg7 31. Kf3 Nc5 32. Rd6 Ne4 33. Rd4 Nc5 34. h4 f6 35. Rd5 Ne6 36. Bb3 Nc7 37. Rd8 Nb5 38. Bd5 Kh7 39. h5 g5 40. Rf8 Kg7 41. Rg8+ Kh7 42. Rg6 gxf4 43. Kxf4 Nc7 44. Bg8+ Kh8 45. Ba2 1-0

[Event "Zuerich op-A 32nd"]
[Site "Zuerich"]
[Date "2008.12.27"]
[Round "2"]
[White "Niehaus, Frank"]
[Black "Springer, Patrick"]
[Result "0-1"]
[WhiteElo "2189"]
[BlackElo "2069"]
[PlyCount "60"]
[EventDate "2008.12.26"]
[EventType "swiss"]
[EventRounds "7"]
[EventCountry "SUI"]
[SourceTitle "CBM 127 Extra"]
[Source "ChessBase"]
[SourceDate "2009.01.08"]
[SourceVersion "2"]
[SourceVersionDate "2009.01.28"]
[SourceQuality "1"]

1. e4 c5 2. Nf3 d6 3. d4 cxd4 4. Nxd4 Nf6 5. Nc3 g6 6. Be3 Bg7 7. f3 Nc6 8. Qd2 0-0 9. Bc4 Bd7 10. h4 Na5 11. Be2 Rb8 12. Bh6 b5 13. h5 Nc4 14. Bxc4 bxc4 15. hxg6 fxg6 16. Bxg7 Kxg7 17. Qh6+ Kg8 18. g4 Rf7 19. 0-0-0 Qb6 20. g5 Nh5 21. b3 cxb3 22. axb3 Qc5 23. Kb2 Rc8 24. Nde2 Ng3 25. Rd2 Nxe2 26. Nxe2 Qe3 27. Kc1 Qxb3 28. f4 Qa3+ 29. Kd1 Qa1+ 30. Nc1 Bg4+ 0-1

[Event "SUI-ch op2"]
[Site "Luzern"]
[Date "1994.07.21"]
[Round "6"]
[White "Springer, Patrick"]
[Black "Muench, Ueli"]
[Result "1-0"]
[WhiteElo "1708"]
[BlackElo "1743"]
[PlyCount "26"]
[EventDate "1994.07.16"]
[EventType "swiss"]
[EventRounds "7"]
[EventCountry "SUI"]
[SourceTitle "EXT 1999"]
[Source "ChessBase"]
[SourceDate "1998.11.16"]
[SourceVersion "1"]
[SourceVersionDate "1998.11.16"]
[SourceQuality "1"]

1. e4 e6 2. d4 d5 3. Nc3 Bb4 4. Bd2 Bxc3 5. bxc3 dxe4 6. Qg4 Nf6 7. Qg3 Rg8 8. Bc4 Nc6 9. Ne2 Na5 10. Bb3 Nxb3 11. cxb3 Qd6 12. Bf4 Nh5 13. Bxd6 Nxg3 1-0